| 000 | 01247nam a2200313 4500 | ||
|---|---|---|---|
| 001 | 0000019869 | ||
| 003 | CO-CtgCURN | ||
| 005 | 20260318142139.0 | ||
| 007 | ta | ||
| 008 | 160627s1994 000 0 eng d | ||
| 020 | _a8431106808 | ||
| 040 |
_aCO-CtgCURN _bspa _ccoctgcurn |
||
| 082 | 0 |
_a616.075 _bG35d |
|
| 100 | 1 | _aGenin, Gilles. | |
| 245 | 1 | 0 |
_aDiagnóstico por imagen del paciente politraumatizado / _cGilles Genin, Agnes Rode , prefacio del prof. M.Bochu , traducción José María de Prado Marcilla. |
| 260 |
_aBarcelona : _bMasson, _c1994. |
||
| 300 | _a237 p. | ||
| 336 | _2rdacontent | ||
| 337 |
_2rdamedia _asin mediacion _bn |
||
| 338 |
_2rdacarrier _avolumen _bnc |
||
| 490 | 1 | _aColección de diagnostico por imagen | |
| 505 | 8 | _aTraumatismo craneal.--Traumatismos del macizo facial.--Traumatismo del peñasco.--Traumatismos de la orbita.--Traumatismo cervical.--Traumatismo medular.--Traumatismo dorso lumbar.--Traumatismo pelvico.--Traumatismo del esqueleto infantil | |
| 590 | _aCirugía general (Medicina) | ||
| 650 | 1 | 4 |
_aFracturas _vDiagnóstico. |
| 700 | 1 | _aRode, Agnes. | |
| 908 | _a160627 | ||
| 942 |
_cBK _h616.075 _iG35d _2ddc |
||
| 999 |
_c22660 _d22660 |
||